Review of Pathology and Genetics / (Record no. 208686)

MARC details
000 -LEADER
fixed length control field 00616nam a22001937a 4500
010 ## - LCCN (DPL NO)
LC control number ENG-143475
020 ## - INTERNATIONAL STANDARD BOOK NUMBER
Terms of availability 695.00
International Standard Book Number 9789351523062
035 ## - SYSTEM CONTROL NUMBER
System control number EN-127007
037 ## - SOURCE OF ACQUISITION
Source of stock number/acquisition DBAD
082 ## - DEWEY DECIMAL CLASSIFICATION NUMBER
Classification number 616.67
100 ## - MAIN ENTRY--PERSONAL NAME
Personal name Garg, Gobind Rai
245 ## - TITLE STATEMENT
Title Review of Pathology and Genetics /
Statement of responsibility, etc by Gobind Rai Garg [and] Sparsh Gupta
250 ## - EDITION STATEMENT
Edition statement 6th
260 ## - PUBLICATION, DISTRIBUTION, ETC. (IMPRINT)
Name of publisher, distributor, etc New Delhi
Date of publication, distribution, etc 2014
Place of publication, distribution, etc Jaypee Brothers Medical Publishers
270 ## - ADDRESS
Address 4838/24 Ansari Road Daryaganj,
City New Delhi
Postal code 110002
300 ## - PHYSICAL DESCRIPTION
Extent 657p.:
Other physical details illus.
Dimensions 26cm(Pbk)
700 ## - ADDED ENTRY--PERSONAL NAME
Personal name Gupta, Sparsh
9 (RLIN) 76894
942 ## - ADDED ENTRY ELEMENTS (KOHA)
Source of classification or shelving scheme Dewey Decimal Classification
Item type English Books
Classification part 616.67
Call number suffix GAR
Holdings
Withdrawn status Lost status Not for loan Collection code Home library Current library Date acquired Source of acquisition Cost, normal purchase price Full call number Barcode Copy number Cost, replacement price Koha item type
      Non-fiction Ashok Vihar Ashok Vihar 23/01/2025 DBAD 695.00 616.67 GAR EN-127007 1 695.00 English Books

© Delhi Public Library
Hit Counter
free hit counter